| 000 | 01585nam a22003614a 4500 | ||
|---|---|---|---|
| 001 | ebr10090498 | ||
| 003 | CaPaEBR | ||
| 006 | m u | ||
| 007 | cr cn||||||||| | ||
| 008 | 030619s2004 ne sb 001 0 eng | ||
| 020 | _z9004129448 | ||
| 040 |
_aCaPaEBR _cCaPaEBR |
||
| 035 | _a(OCoLC)60842950 | ||
| 043 | _aa-tu--- | ||
| 050 | 1 | 4 |
_aHD6473.T94 _bI859 2004eb |
| 082 | 0 | 4 |
_a338.6/32/094961809032 _221 |
| 100 | 1 | _aYi, Eunjeong. | |
| 245 | 1 | 0 |
_aGuild dynamics in seventeenth-century Istanbul _h[electronic resource] : _bfluidity and leverage / _cby Eunjeong Yi. |
| 260 |
_aLeiden ; _aBoston : _bBrill, _c2004. |
||
| 300 | _axi, 306 p. | ||
| 490 | 1 |
_aThe Ottoman Empire and its heritage, _x1380-6076 ; _vv. 27 |
|
| 500 | _aRevised version of the author's thesis (doctoral)--Harvard, 2000. | ||
| 504 | _aIncludes bibliographical references (p. [291]-302) and index. | ||
| 533 |
_aElectronic reproduction. _bPalo Alto, Calif. : _cebrary, _d2013. _nAvailable via World Wide Web. _nAccess may be limited to ebrary affiliated libraries. |
||
| 650 | 0 |
_aGuilds _zTurkey _zIstanbul _xHistory _y17th century. |
|
| 650 | 0 |
_aMerchants _zTurkey _zIstanbul _xSocieties, etc. _xHistory _y17th century. |
|
| 650 | 0 |
_aArtisans _zTurkey _zIstanbul _xHistory _y17th century. |
|
| 651 | 0 |
_aTurkey _xHistory _yOttoman Empire, 1288-1918. |
|
| 655 | 7 |
_aElectronic books. _2local |
|
| 710 | 2 | _aebrary, Inc. | |
| 830 | 0 |
_aOttoman Empire and its heritage ; _vv. 27. |
|
| 856 | 4 | 0 |
_uhttp://site.ebrary.com/lib/rucke/Doc?id=10090498 _zAn electronic book accessible through the World Wide Web; click to view |
| 999 |
_c52980 _d52980 |
||